00689nam a2200253 a 4500001001300000003000900013005001700022008004100039020001000080082001600090100002300106245002300129260003000152300000900182500003500191505001000226650002100236650002600257700002300283902000800306942000700314952009700321999001700418nice12345678IN_TiNIC20260116013353.0050524s1989 dela grp 000 0 eng  ac11000a181.4bCHA5 aChakrabarti, Mohit aGandhian Mysticism aDelhibAtlantic Pubc1989 a126p aincludes index and biblioraphy2 aIndex aPhilosophy-Hindu aGandhi M K-Philosophy1 aChakrabarti, Mohit bSRS cBK 00104070aHMIbHMId2007-07-04g110.00l0o181.4 CHA5p015553r2007-07-04w2026-01-16yEB c10733d10733